Normal view MARC view
  • Vasishth, Dr Neru and Rajpat, Dr Namita

Entry Personal Name

Number of records used in: 1

001 - CONTROL NUMBER

  • control field: 4156

003 - CONTROL NUMBER IDENTIFIER

  • control field: OSt

005 - DATE AND TIME OF LATEST TRANSACTION

  • control field: 20180221152416.0

008 - FIXED-LENGTH DATA ELEMENTS

  • fixed length control field: 180221|| aca||aabn | a|a d

040 ## - CATALOGING SOURCE

  • Original cataloging agency: OSt
  • Transcribing agency: OSt

100 ## - HEADING--PERSONAL NAME

  • Personal name: Vasishth, Dr Neru and Rajpat, Dr Namita

670 ## - SOURCE DATA FOUND

  • Source citation: Work cat.: (OSt)3676: Vasishth, Dr Neru and Rajpat, Dr Namita, Corporate Governance Values & Ethics, 2010